[Event "Olympiad Women-40"]
[Site "Istanbul"]
[Date "2012.09.04"]
[Round "7.4"]
[White "Paulauskaite, Gintare"]
[Black "Van Weersel, Arlette"]
[Result "1/2-1/2"]
[WhiteElo "2053"]
[BlackElo "2151"]
[PlyCount "125"]
[EventDate "2012.08.28"]
[EventType "team-swiss"]
[EventRounds "11"]
[EventCountry "TUR"]
[SourceTitle "CBM 150 Extra"]
[Source "ChessBase"]
[SourceDate "2012.10.19"]
[SourceVersion "1"]
[SourceVersionDate "2012.10.19"]
[SourceQuality "1"]
[WhiteTeam "Lithuania (W)"]
[BlackTeam "Netherlands (W)"]
[WhiteTeamCountry "LTU"]
[BlackTeamCountry "NED"]

1. e4 e5 2. Nf3 Nc6 3. Bc4 Nf6 4. d4 exd4 5. 0-0 Nxe4 6. Re1 d5 7. Nc3 dxc3 8. Bxd5 Be6 9. Bxe4 Bb4 10. b3 Qxd1 11. Rxd1 Rd8 12. Bf4 Bd6 13. Bxd6 Rxd6 14. Rxd6 cxd6 15. Bxc6+ bxc6 16. Rd1 Kd7 17. Rd3 Re8 18. Rxc3 Bf5 19. Kf1 c5 20. h3 h6 21. a3 a5 22. Nd2 Ra8 23. Nc4 Kc6 24. Ke2 Be6 25. Nb2 Bd5 26. g3 Be6 27. h4 d5 28. Nd3 c4 29. bxc4 d4 30. Rb3 Bxc4 31. Rb2 Re8+ 32. Kd2 Re6 33. Rb8 Bxd3 34. Kxd3 Rf6 35. Kxd4 Rxf2 36. Rc8+ Kb7 37. Rc3 Kb6 38. Rb3+ Kc6 39. c4 Rd2+ 40. Ke3 Rg2 41. Kd4 Rd2+ 42. Kc3 Ra2 43. Kd4 Ra1 44. Rf3 f6 45. Re3 Rd1+ 46. Kc3 Kc5 47. Re7 g5 48. Rc7+ Kb6 49. Rh7 Rg1 50. Rxh6 Kc5 51. Kb3 Rxg3+ 52. Ka4 Rg4 53. Rxf6 gxh4 54. Rh6 Kxc4 55. Kxa5 Kb3 56. Kb5 Kxa3 57. Kc5 Kb3 58. Kd5 Kc3 59. Ke5 Kd3 60. Kf5 Ra4 61. Kg5 Ke3 62. Rxh4 Rxh4 63. Kxh4 1/2-1/2

[Event "Panevezys op 25th"]
[Site "Panevezys"]
[Date "2012.08.16"]
[Round "6"]
[White "Paulauskaite, Gintare"]
[Black "Vicas, Marijus"]
[Result "1-0"]
[WhiteElo "2053"]
[BlackElo "1997"]
[PlyCount "119"]
[EventDate "2012.08.13"]
[EventType "swiss"]
[EventRounds "9"]
[EventCountry "LTU"]
[SourceTitle "CBM 149 Extra"]
[Source "ChessBase"]
[SourceDate "2012.08.24"]
[SourceVersion "1"]
[SourceVersionDate "2012.08.24"]
[SourceQuality "1"]

1. e4 e5 2. Nf3 Nc6 3. Bb5 a6 4. Ba4 Nf6 5. 0-0 b5 6. Bb3 Be7 7. Re1 0-0 8. c3 d5 9. exd5 Nxd5 10. Nxe5 Nxe5 11. Rxe5 c6 12. d4 Bd6 13. Re1 Qh4 14. g3 Qh3 15. Qf3 Bg4 16. Qg2 Qh5 17. Be3 Bf3 18. Qf1 f5 19. h3 f4 20. g4 Bxg4 21. hxg4 Qxg4+ 22. Qg2 Qxg2+ 23. Kxg2 fxe3 24. fxe3 Kh8 25. a4 Nf6 26. axb5 Ne4 27. Re2 axb5 28. Rxa8 Rxa8 29. Nd2 Ng3 30. Rf2 Re8 31. Rf7 h5 32. Rd7 Bb8 33. e4 Bf4 34. e5 Nf5 35. Ne4 Re7 36. Rd8+ Kh7 37. Kf3 Bc1 38. Bc2 g6 39. Nf6+ Kg7 40. Rg8+ Kh6 41. Bxf5 gxf5 42. Rg1 Bg5 43. Ng8+ Kh7 44. Rxg5 Ra7 45. Nf6+ Kh6 46. Rxf5 Kg6 47. Rxh5 Ra1 48. Rh2 Kf5 49. Rf2 Ke6 50. Ng4 b4 51. c4 Rd1 52. Ke4 Re1+ 53. Ne3 b3 54. d5+ cxd5+ 55. cxd5+ Ke7 56. Rh2 Kd7 57. Rh7+ Ke8 58. Rb7 Kd8 59. d6 Ke8 60. e6 1-0

[Event "Panevezys op 25th"]
[Site "Panevezys"]
[Date "2012.08.15"]
[Round "4"]
[White "Paulauskaite, Gintare"]
[Black "Luebbert, Dietrich"]
[Result "1-0"]
[WhiteElo "2053"]
[BlackElo "1774"]
[PlyCount "61"]
[EventDate "2012.08.13"]
[EventType "swiss"]
[EventRounds "9"]
[EventCountry "LTU"]
[SourceTitle "CBM 149 Extra"]
[Source "ChessBase"]
[SourceDate "2012.08.24"]
[SourceVersion "1"]
[SourceVersionDate "2012.08.24"]
[SourceQuality "1"]

1. e4 e5 2. Nf3 Nc6 3. Bb5 a6 4. Ba4 Nf6 5. 0-0 Be7 6. Re1 b5 7. Bb3 0-0 8. c3 d5 9. exd5 Nxd5 10. Nxe5 Nxe5 11. Rxe5 Nf6 12. Re1 Bd6 13. g3 Ng4 14. Qf3 Rb8 15. d4 h5 16. h3 Bb7 17. Qf5 Nf6 18. Bg5 Be7 19. Bxf6 Bxf6 20. Qxh5 Qd6 21. Nd2 Qc6 22. d5 Qd7 23. Ne4 Be7 24. Rad1 g6 25. Qh6 c5 26. d6 Bxe4 27. Rxe4 Bd8 28. Qxg6+ Kh8 29. Qh5+ Kg7 30. Rg4+ Kf6 31. Qg5# 1-0

[Event "Klaipeda Sea op 09th"]
[Site "Klaipeda"]
[Date "2012.07.27"]
[Round "5"]
[White "Kalvaitis, Sigitas"]
[Black "Paulauskaite, Gintare"]
[Result "1-0"]
[WhiteElo "2263"]
[BlackElo "2053"]
[PlyCount "107"]
[EventDate "2012.07.23"]
[EventType "swiss"]
[EventRounds "7"]
[EventCountry "LTU"]
[SourceTitle "EXT 2013"]
[Source "ChessBase"]
[SourceDate "2012.11.22"]
[SourceVersion "1"]
[SourceVersionDate "2012.11.22"]
[SourceQuality "1"]

1. e4 e6 2. d4 d5 3. Nc3 Nf6 4. Bg5 Be7 5. e5 Nfd7 6. h4 Bxg5 7. hxg5 Qxg5 8. Nh3 Qe7 9. Nf4 Nb6 10. Qg4 g6 11. Rh6 N8d7 12. Bd3 Nf8 13. 0-0-0 a6 14. Nh3 Bd7 15. Qf4 0-0-0 16. Ng5 Be8 17. Rdh1 Nc4 18. Bxc4 dxc4 19. Nxh7 Nxh7 20. Rxh7 Rxh7 21. Rxh7 c5 22. dxc5 Qxc5 23. Rh4 Kb8 24. Qe3 Qxe3+ 25. fxe3 Bc6 26. g3 b5 27. Rf4 Rd7 28. Rd4 Kc7 29. Ne2 Kd8 30. Kd2 Ke7 31. Nf4 Rc7 32. Kc3 a5 33. a3 Bf3 34. Rd6 Rc5 35. Kd4 Rxe5 36. Nxg6+ Kxd6 37. Nxe5 Bh5 38. g4 Bg6 39. e4 b4 40. axb4 c3 41. bxc3 a4 42. b5 f5 43. gxf5 exf5 44. Nc4+ Kc7 45. exf5 Bxf5 46. Na3 Bg4 47. Kc5 Bf3 48. Kb4 Kb6 49. c4 Bg2 50. c5+ Kc7 51. Kxa4 Kb7 52. c3 Kc7 53. Kb4 Kc8 54. Ka5 1-0

[Event "Klaipeda Sea op 09th"]
[Site "Klaipeda"]
[Date "2012.07.26"]
[Round "4"]
[White "Paulauskaite, Gintare"]
[Black "Beliajeva, Olga"]
[Result "1-0"]
[WhiteElo "2053"]
[BlackElo "1952"]
[PlyCount "105"]
[EventDate "2012.07.23"]
[EventType "swiss"]
[EventRounds "7"]
[EventCountry "LTU"]
[SourceTitle "EXT 2013"]
[Source "ChessBase"]
[SourceDate "2012.11.22"]
[SourceVersion "1"]
[SourceVersionDate "2012.11.22"]
[SourceQuality "1"]

1. e4 e6 2. d3 d5 3. Nd2 dxe4 4. dxe4 e5 5. Ngf3 Bc5 6. c3 Qe7 7. Nc4 Nf6 8. Bd3 Nbd7 9. 0-0 0-0 10. Bg5 a5 11. Qe2 b5 12. Ne3 Bxe3 13. Qxe3 c6 14. Nd2 h6 15. Bh4 g5 16. Bg3 Nh5 17. h4 Nf4 18. hxg5 hxg5 19. Bxf4 exf4 20. Qe2 Nc5 21. Bc2 g4 22. b4 Nb7 23. e5 Kg7 24. Qe4 Rh8 25. Qxf4 Qh4 26. f3 Qh1+ 27. Kf2 Qh4+ 28. Qg3 Qd8 29. Ne4 axb4 30. cxb4 Qd4+ 31. Ke2 Be6 32. Bd3 Rhd8 33. Rfd1 Ra3 34. Qf4 Rxd3 35. Qg5+ Kf8 36. Qh6+ Ke7 37. Qf6+ Ke8 38. Qh8+ Kd7 39. Rxd3 Bc4 40. e6+ Kc7 41. Qxd4 Rxd4 42. Rad1 fxe6 43. Ke3 Rxd3+ 44. Rxd3 Bxd3 45. Kxd3 gxf3 46. g4 f2 47. Ke2 Kd7 48. Kxf2 e5 49. Nc5+ Nxc5 50. bxc5 Ke6 51. Ke3 Kd5 52. g5 Kxc5 53. g6 1-0

[Event "Klaipeda Sea op 09th"]
[Site "Klaipeda"]
[Date "2012.07.23"]
[Round "1"]
[White "Paulauskaite, Gintare"]
[Black "Buivydas, Skirmantas"]
[Result "1-0"]
[WhiteElo "2053"]
[BlackElo "1780"]
[PlyCount "75"]
[EventDate "2012.07.23"]
[EventType "swiss"]
[EventRounds "7"]
[EventCountry "LTU"]
[SourceTitle "EXT 2013"]
[Source "ChessBase"]
[SourceDate "2012.11.22"]
[SourceVersion "1"]
[SourceVersionDate "2012.11.22"]
[SourceQuality "1"]

1. e4 e5 2. Nf3 Nc6 3. Bb5 a6 4. Ba4 Nf6 5. 0-0 Be7 6. Re1 b5 7. Bb3 0-0 8. c3 Bb7 9. d4 d6 10. Nbd2 Re8 11. d5 Nb8 12. a4 Nbd7 13. axb5 axb5 14. Rxa8 Qxa8 15. Bc2 Rb8 16. b4 Nb6 17. Nb3 c6 18. dxc6 Bxc6 19. Qe2 Na4 20. Bd2 Bd7 21. Na5 Qa7 22. Ra1 Bd8 23. c4 Bb6 24. h3 Qc7 25. Bb3 Ba7 26. Ng5 Be8 27. cxb5 Nc3 28. Bxc3 Qxc3 29. Qa2 Bd4 30. Bxf7+ Kh8 31. Nb3 Bxb5 32. Nxd4 exd4 33. Qa7 Qc8 34. Be6 Bd7 35. Nf7+ Kg8 36. Nxd6+ Bxe6 37. Nxc8 Rxc8 38. Qxd4 1-0